<?xml version="1.0" encoding="UTF-8"?><?xml-stylesheet type="text/xsl" href="static/style.xsl"?><OAI-PMH xmlns="http://www.openarchives.org/OAI/2.0/" xmlns:xsi="http://www.w3.org/2001/XMLSchema-instance" xsi:schemaLocation="http://www.openarchives.org/OAI/2.0/ http://www.openarchives.org/OAI/2.0/OAI-PMH.xsd"><responseDate>2026-04-27T22:04:51Z</responseDate><request verb="GetRecord" identifier="oai:uvadoc.uva.es:10324/990" metadataPrefix="marc">https://uvadoc.uva.es/oai/request</request><GetRecord><record><header><identifier>oai:uvadoc.uva.es:10324/990</identifier><datestamp>2025-02-18T07:56:30Z</datestamp><setSpec>com_10324_985</setSpec><setSpec>com_10324_954</setSpec><setSpec>com_10324_894</setSpec><setSpec>col_10324_986</setSpec></header><metadata><record xmlns="http://www.loc.gov/MARC21/slim" xmlns:doc="http://www.lyncode.com/xoai" xmlns:xsi="http://www.w3.org/2001/XMLSchema-instance" xmlns:dcterms="http://purl.org/dc/terms/" xsi:schemaLocation="http://www.loc.gov/MARC21/slim http://www.loc.gov/standards/marcxml/schema/MARC21slim.xsd">
<leader>00925njm 22002777a 4500</leader>
<datafield tag="042" ind1=" " ind2=" ">
<subfield code="a">dc</subfield>
</datafield>
<datafield tag="720" ind1=" " ind2=" ">
<subfield code="a">Santos Fernández, Roberto</subfield>
<subfield code="e">author</subfield>
</datafield>
<datafield tag="720" ind1=" " ind2=" ">
<subfield code="a">Carramolino Arranz, Beatriz</subfield>
<subfield code="e">author</subfield>
</datafield>
<datafield tag="720" ind1=" " ind2=" ">
<subfield code="a">Rodríguez Navarro, Henar</subfield>
<subfield code="e">author</subfield>
</datafield>
<datafield tag="720" ind1=" " ind2=" ">
<subfield code="a">Rubia Avi, Bartolomé</subfield>
<subfield code="e">author</subfield>
</datafield>
<datafield tag="260" ind1=" " ind2=" ">
<subfield code="c">2009</subfield>
</datafield>
<datafield tag="520" ind1=" " ind2=" ">
<subfield code="a">Las instituciones de educación superior están sufriendo un proceso de reconversión buscando su adaptación a las características del Espacio Europeo de Educación Superior. Uno de los cambios más importantes, a los que debe hacer frente su profesorado, consiste en una reorganización metodológica diferente de sus clases. Por ello, es necesario pensar en nuevas fórmulas en la formación del profesorado.&#xd;
Como resultado de esta necesidad, decidimos organizar la asignatura de Nuevas Tecnologías Aplicadas a la Educación, de la Facultad de Educación de Valladolid, empleando una metodología activa, el IBL, apoyada en una plataforma Wiki, proponiendo a nuestro alumnado una serie de actividades que debían realizar colaborativamente.&#xd;
En este trabajo, presentamos una de esas actividades, la elaboración de una Wiki-WebQuest. A partir de la descripción de esta actividad, pretendemos mostrar algunas luces y sombras sobre su puesta en práctica (la versatilidad y flexibilidad de la plataforma, la posibilidad de colaboración entre la universidad y la escuela, la falta de adaptación de algunos contenidos al nivel curricular del curso concreto, la falta de asesoramiento del profesorado al alumnado de primaria sobre el uso de estas nuevas herramientas, etc.)&#xd;
Esta actividad fue desarrollada a partir de la colaboración con contextos educativos reales (dos centros de primaria), sirviendo de caso de estudio para diseñar una Wiki-WebQuest. Asimismo, también colaboraron dos asignaturas de la titulación de Magisterio (Didáctica General y Metodología del Idioma Extranjero), con el objetivo de enriquecer el proceso de aprendizaje.</subfield>
</datafield>
<datafield tag="024" ind2=" " ind1="8">
<subfield code="a">Santos, R. et al (2009) La wiki-webquest: Una actividad colaborativa en la asignatura de  “Nuevas Tecnologías Aplicadas a la Educación”. Red U - Revista de Docencia  Universitaria. Número Monográfico V.   Número especial dedicado a WIKI y  educación superior en España (II parte), en coedición con Revista de Educación  a Distancia (RED). 31 de diciembre de 2009. Consultado en  http://www.um.es/ead/Red_U/m5/</subfield>
</datafield>
<datafield tag="024" ind2=" " ind1="8">
<subfield code="a">1887-4592</subfield>
</datafield>
<datafield tag="024" ind2=" " ind1="8">
<subfield code="a">http://uvadoc.uva.es/handle/10324/990</subfield>
</datafield>
<datafield tag="024" ind2=" " ind1="8">
<subfield code="a">Monográfico V</subfield>
</datafield>
<datafield tag="024" ind2=" " ind1="8">
<subfield code="a">Revista de Docencia Universitaria</subfield>
</datafield>
<datafield ind1=" " ind2=" " tag="653">
<subfield code="a">Wikis (Informática)</subfield>
</datafield>
<datafield ind1=" " ind2=" " tag="653">
<subfield code="a">WebQuest</subfield>
</datafield>
<datafield ind1=" " ind2=" " tag="653">
<subfield code="a">Aprendizaje basado en la web</subfield>
</datafield>
<datafield ind1=" " ind2=" " tag="653">
<subfield code="a">Enseñanza-Trabajo en equipo</subfield>
</datafield>
<datafield tag="245" ind1="0" ind2="0">
<subfield code="a">La Wiki-WebQuest: una actividad colaborativa en la asignatura de nuevas tecnologías aplicadas a la educación</subfield>
</datafield>
</record></metadata></record></GetRecord></OAI-PMH>